1680 1882 1658 1946 1467 1629 1006 1415 1730 1931 1652 1245 1366 1417 1460 1295 1671 1422 1974 1451 1009 1472 1571 1556 1506 1924 1078 1045 1096 1032 1991 1697 1505 1990 1487 1920 1521 1511 1277 1393 1554 1941 1486 1076 1448 1139 1437 1099 1956 1421 1531 1938 1731 1144 1515 1792 1855 1701 1719 1924 1887 1604 1900 1265 1793 1296 1026 1375 1683 1767 1057 1267 1291 1253 1746 1175 1240 1956 1483 1994 1908 1599 1525 1692 1494 1406 1016 1464 1641 1316 1896 1018 1272 1274 1195 1031 1559 1036 1605 BCNSPRNW ULIB Ver.6.0+V

เปลี่ยนเป็นภาษาไทย

Change to English
 แสดงรายละเอียดบรรณานุกรม
  กลับหน้าหลัก

Brief Record : Get Marc (ISO 2709) : E-mail record : QR code < ปิดหน้าต่าง
LEADER : 00000nam a2200000Ia 4500
001    13399113921
003     ULIB
008    120113s2550||||th 000 0 tha d
020    ^a 978974348050
050  4 ^aPL4189^bพ262ร
100 0  ^aพรทิพย์ แฟงสุด
245 10 ^aราชาศัพท์ /^cพรทิพย์ แฟงสุด
260    ^aกรุงเทพฯ :^bฟิสิกส์เซ็นเตอร์,^c2550
300    ^a216 หน้า ;^c21 ซม.
650  4 ^aภาษาไทย^xการใช้ภาษา
650  4 ^aภาษาไทย^xราชาศัพท์
650  4 ^aราชาศัพท์
945    ^p70^l0^i18650
995    ^a เกษร
999 ^a ใช้งานได้ทุกระบบ
รายการนี้ยังไม่มีแท็ก
คุณยังไม่ได้ล็อกอิน คุณสามารถมีกิจกรรมร่วมกับเว็บไซต์ได้ แต่ต้องล็อกอินก่อน ::
  ล็อกอิน

รายการสื่อสารสนเทศ

ลำดับที่ ประเภท เลขเรียก/บาร์โค้ด สถานที่ สถานะ
- ไม่พบข้อมูล -

รายการใกล้เคียง
    หัวเรื่อง [ราชาศัพท์]

BibComment


ยังไม่เคยถูกคอมเมนท์

คอมเมนท์ทรัพยากรรายการนี้
  คอมเมนท์: ราชาศัพท์ พรทิพ..


 Copyright 2026. Bcnsprnw @Library